01401nam a2200361Ia 450000500170000000700030001700800410002002000180006104000350007904100130011408400110012710000430013824501080018125000660028926400390035530000400039433600270043433700330046133800280049449000460052252100610056853400210062954500690065065000500071965000500076965000390081965000270085865000230088565000290090865000340093770000400097170000280101120220317001814.0ta210831s2015 ck a br 000 jdspa d a9789587731989 aCO-BoRNBPbspaerdacCO-BoRNBP1 aspahger aC NOS11 aNöstlinger, Christinad1936-eautora10aAna está furiosacChristine Nöstlinger ; ilustraciones de Arnal Ballester ; traducción Carmen Bas aPrimera ediciónbCuarta reimpresión. Quinta reimpresión 1aBogotábEdiciones SMc2015c2019 a59 páginasbilustraciones c19 cm atextobtxt2rdacontent asin mediaciónbn2rdamedia avolumenbnc2rdacarrier0 aEl barco de vapor pPrimeros lectoresv49 aRecomendado para un público infantil mayor de 6 años tAnna und die Wut aIncluye datos biográficos de la autora en la contracarátula 17aCuentos infantiles austriacosySiglo XX2LEMB17aLiteratura infantil austriacaySiglo XX2LEMB17aAutores austriacosySiglo XX2LEMB17aNiñosvCuentos2LEMB17aIravCuentos2LEMB17aEmocionesvCuentos2LEMB17aPadres e hijosvCuentos2LEMB1 aBallester, Arnald1955-eilustrador1 aBas, Carmenetraductora